| 000 | 00626cam a22002291 4500 | ||
|---|---|---|---|
| 001 | sa 68015031 | ||
| 003 | DLC | ||
| 005 | 20260227112638.0 | ||
| 008 | 890620s1967 ii c 000 0 hino | ||
| 010 | _asa 68015031 | ||
| 035 | _a(OCoLC)19902529 | ||
| 040 |
_aDLC _cWaU _dNRU _dDLC |
||
| 042 | _apremarc | ||
| 050 | 0 | 0 |
_aPK1931 _b.P3 |
| 100 | 1 |
_aPāṭhaka, Raṅganātha, _d1885- |
|
| 245 | 1 | 0 | _aSphoṭadarśana. |
| 250 | _a[1. Saṃskaraṇa] | ||
| 260 |
_aPaṭnā, _bBihāra-Rashṭra-Bhāshā-Parishad _c[1967] |
||
| 300 |
_a2, 3, 6, 4, 235 p. _bport. _c25 cm. |
||
| 500 | _aIn Hindi. | ||
| 650 | 0 | _aHindi philology. | |
| 999 |
_c86175 _d86175 |
||